| 000 | 00503nam a22001937a 4500 | ||
|---|---|---|---|
| 003 | CEME | ||
| 005 | 20210628203901.0 | ||
| 008 | 210317b xxu||||| |||| 00| 0 eng d | ||
| 020 | _a0-07-056958-4 | ||
| 040 | _c. | ||
| 082 | _a621.815 STA'S | ||
| 100 |
_aMischke, C. R, Shigley, J. E _967705 |
||
| 245 | _aStandard handbook of machine design | ||
| 250 | _a2NND | ||
| 260 |
_aNEWYORK _bMCGRAW HILL _c1996 |
||
| 300 | _a50-22P | ||
| 650 |
_aMACHINE DESIGN HANDBOOK MANUAL _967706 |
||
| 942 |
_cBK _2ddc |
||
| 999 |
_c575421 _d575421 |
||